000 00746nam a2200205Ia 4500
999 _c58733
_d58733
003 GCL
005 20240530110123.0
008 140319s9999 xx 000 0 ara d
040 _aGCL /
_cGCL
082 0 4 _a953 /
_bا ف
100 1 _aمحمد محمود صبح
245 1 0 _aالفتح القسى فى الفتح القدسى /
_cمحمد محمود صبح
260 _a[S.N] :
_bالدار القومية للطباعة والنشر
300 _a695 ص
650 0 4 _aمصر
650 0 4 _aالفتوحات الاسلامية
650 0 4 _aالتاريخ
700 1 _aابوالفرج الاصفهانى: على بن الحسين بن محمد بن الهيثم عبدالرحمن بن مروان البغدادى
942 _2ddc
_cBK